00832nam a22002177a 450000500170000001000130001702000230003003500130005303700440006608200100011010000520012024501230017224600520029526000720034727000350041930000520045470000420050670000100054894200390055899900170059720110127114327.0 aB-422604 a8179980936c275.00 aB-422604 aयू.बी.एच. / वितरक a519.5 aअग्रवाल, एन. पी. 925651 aउच्चतर व्यावसायिक सांख्यिकी /cपी. एन. अग्रवाल aUchchtar vyavasayik sankhyikibby P. N. Agarwal bमलिक एण्ड कम्पनीc2008aजयपुर aChaura astabNew Delhie110002 a356पृ.b22 सेमी(सजिल्द) aतिवारी, उषा 924988 924989 2ddccHNh658.1mतिवारी c50127d50127